| 000 | 00429 a2200097 4500 | ||
|---|---|---|---|
| 082 | _a363.125 BAR | ||
| 100 | _aBarr, Lawrence | ||
| 245 |
_aAn Evaluation of Emerging Driver Fatigue Detection Measures and Technologies Final Report / _cLawrence Barr, Stephen Popkin, Heidi Howarth |
||
| 260 |
_aWashington : _bU. S. Department of Transportation Federal Highway Administration, _c2009 |
||
| 300 |
_a55p. : _bill. ; _c30 cm |
||
| 650 | _aCommercial Motor Vehicle, Driver | ||
| 999 |
_c2190 _d2190 |
||